[Event "Mittelrhein Verbandsliga West 1920"]
[Site "Mittelrhein"]
[Date "2020.01.19"]
[Round "5.8"]
[White "Huppertz, Franz Josef"]
[Black "Bieberle, Gerhart"]
[Result "1/2-1/2"]
[WhiteElo "1727"]
[BlackElo "1821"]
[PlyCount "108"]
[EventDate "2019.09.29"]
[EventType "team-tourn"]
[EventRounds "9"]
[EventCountry "GER"]
[SourceTitle "EXT 2023"]
[Source "ChessBase"]
[SourceDate "2022.10.05"]
[SourceVersion "1"]
[SourceVersionDate "2022.10.05"]
[SourceQuality "1"]
[WhiteTeam "Eschweiler SC"]
[BlackTeam "Aachen PTSV"]
[WhiteTeamCountry "GER"]
[BlackTeamCountry "GER"]

1. d4 Nf6 2. Nf3 e6 3. Bf4 d5 4. e3 Bd6 5. c3 Bxf4 6. exf4 b6 7. Nbd2 Bb7 8. Bd3 Nbd7 9. 0-0 0-0 10. Ne5 c5 11. Rc1 Qc7 12. g4 Ne4 13. f3 Nxd2 14. Qxd2 a6 15. Rfe1 Rfe8 16. g5 f5 17. Nxd7 Qxd7 18. Re5 Qf7 19. Rce1 c4 20. Bc2 Bc6 21. Qg2 Bd7 22. h4 Qh5 23. Qg3 Qf7 24. Qh3 g6 25. Kf2 Kg7 26. Rh1 Rh8 27. Ree1 h5 28. Qf1 Qe7 29. Qe2 Qd6 30. Kg3 a5 31. a3 b5 32. Qd2 Rab8 33. Ra1 Rb6 34. Rhb1 Rhb8 35. Qe1 b4 36. axb4 axb4 37. Qe5+ Qxe5 38. fxe5 Kf7 39. Ra7 Ke8 40. Rba1 b3 41. Bd1 Kd8 42. f4 Ke7 43. R1a5 R6b7 44. Ra8 Rxa8 45. Rxa8 Kf7 46. Kf3 Kg7 47. Ke3 Kh7 48. Kd2 Kg7 49. Kc1 Kh7 50. Kb1 Kg7 51. Bf3 Rc7 52. Ra6 Kf7 53. Ra5 Be8 54. Ra8 Bd7 1/2-1/2

[Event "GER-ch Seniors 65 31st"]
[Site "Radebeul"]
[Date "2019.05.01"]
[Round "6"]
[White "Gafke, Manfred"]
[Black "Bieberle, Gerhart"]
[Result "0-1"]
[WhiteElo "1765"]
[BlackElo "1941"]
[PlyCount "112"]
[EventDate "2019.04.26"]
[EventType "swiss"]
[EventRounds "9"]
[EventCountry "GER"]
[SourceTitle "CBM 190 Extra"]
[Source "ChessBase"]
[SourceDate "2019.07.15"]
[SourceVersion "1"]
[SourceVersionDate "2019.07.15"]
[SourceQuality "1"]

1. d4 Nf6 2. Nf3 c6 3. c3 d5 4. Bf4 Nh5 5. Bxb8 Rxb8 6. e3 g6 7. Nbd2 Bg7 8. Be2 0-0 9. h3 Nf6 10. 0-0 b5 11. Nb3 Nd7 12. Bd3 a5 13. Rc1 a4 14. Nbd2 Nb6 15. e4 e6 16. exd5 exd5 17. Re1 Bh6 18. Rc2 Be6 19. Ne5 Qc7 20. Nf1 Nd7 21. Rce2 Nf6 22. Nh2 Nh5 23. Nhg4 Bg7 24. Qd2 Rbc8 25. f4 Ng3 26. Rf2 Qd6 27. Kh2 Nf5 28. Ne3 Nh6 29. g4 f6 30. g5 fxe5 31. gxh6 exf4 32. Ng4 Bh8 33. Ne5 Bxe5 34. Rxe5 f3 35. Qg5 Bd7 36. Qg3 Rf6 37. Rxf3 Rcf8 38. Rxf6 Rxf6 39. Kg2 Qf8 40. Qe3 Rf7 41. Be2 Qd6 42. Qg5 Qf6 43. Qg3 Kf8 44. Re3 Qf4 45. Re5 Qxh6 46. Rg5 Bxh3+ 47. Kg1 Bf5 48. Qd6+ Kg8 49. Qg3 Be4 50. Bh5 Qf8 51. Be2 Rf4 52. Re5 Qh6 53. Rh5 Qf8 54. Re5 Rf6 55. Bg4 Rf1+ 56. Kh2 Rh1# 0-1

[Event "GER-ch Seniors 65 31st"]
[Site "Radebeul"]
[Date "2019.04.29"]
[Round "4"]
[White "Bieberle, Gerhart"]
[Black "Falk, Thomas"]
[Result "1/2-1/2"]
[WhiteElo "1941"]
[BlackElo "2135"]
[PlyCount "36"]
[EventDate "2019.04.26"]
[EventType "swiss"]
[EventRounds "9"]
[EventCountry "GER"]
[SourceTitle "CBM 190 Extra"]
[Source "ChessBase"]
[SourceDate "2019.07.15"]
[SourceVersion "1"]
[SourceVersionDate "2019.07.15"]
[SourceQuality "1"]

1. d4 d5 2. Bf4 e6 3. e3 Nf6 4. Nf3 Bd6 5. Bxd6 Qxd6 6. Bd3 0-0 7. 0-0 c5 8. c3 Nbd7 9. Nbd2 e5 10. dxe5 Nxe5 11. Nxe5 Qxe5 12. Nf3 Qh5 13. h3 Be6 14. Nh2 Qxd1 15. Rfxd1 Rfd8 16. Nf3 h6 17. Bc2 Kf8 18. Kf1 Ke7 1/2-1/2

[Event "Schleswig Holstein-ch Seniors op 11th"]
[Site "Buesum"]
[Date "2017.09.15"]
[Round "8"]
[White "Bieberle, Gerhart"]
[Black "Neumann, Joachim"]
[Result "1-0"]
[WhiteElo "1927"]
[BlackElo "2093"]
[PlyCount "93"]
[EventDate "2017.09.08"]
[EventType "swiss"]
[EventRounds "9"]
[EventCountry "GER"]
[SourceTitle "EXT 2019"]
[Source "ChessBase"]
[SourceDate "2018.10.10"]
[SourceVersion "1"]
[SourceVersionDate "2018.10.10"]
[SourceQuality "1"]

1. d4 Nf6 2. c4 e6 3. Nc3 Bb4 4. Qb3 c5 5. a3 Bxc3+ 6. Qxc3 cxd4 7. Qxd4 Nc6 8. Qd1 Ne4 9. Nf3 0-0 10. e3 Qa5+ 11. Bd2 Nxd2 12. Qxd2 Qxd2+ 13. Nxd2 b6 14. Be2 Bb7 15. 0-0 Rfd8 16. Rfd1 Ne5 17. f4 Ng6 18. Bf3 Bc6 19. Bxc6 dxc6 20. Nf3 c5 21. Kf2 Kf8 22. Ke2 Ke7 23. g3 f6 24. h3 Nh8 25. Rxd8 Rxd8 26. Rd1 Rxd1 27. Kxd1 Nf7 28. Nd2 e5 29. Ke2 Nd6 30. fxe5 fxe5 31. Kf3 Ke6 32. b3 Kf5 33. g4+ Ke6 34. Ne4 Nf7 35. h4 h6 36. b4 cxb4 37. axb4 a5 38. bxa5 bxa5 39. Nc5+ Kf6 40. Ke4 Ke7 41. Kd5 Nd6 42. Na4 h5 43. c5 Nc4 44. Kxc4 hxg4 45. Kd3 g3 46. Ke2 g2 47. Kf2 1-0

[Event "Schleswig Holstein-ch Seniors op 11th"]
[Site "Buesum"]
[Date "2017.09.14"]
[Round "7"]
[White "Bade, Heidrun"]
[Black "Bieberle, Gerhart"]
[Result "0-1"]
[WhiteElo "1815"]
[BlackElo "1927"]
[PlyCount "52"]
[EventDate "2017.09.08"]
[EventType "swiss"]
[EventRounds "9"]
[EventCountry "GER"]
[SourceTitle "EXT 2019"]
[Source "ChessBase"]
[SourceDate "2018.10.10"]
[SourceVersion "1"]
[SourceVersionDate "2018.10.10"]
[SourceQuality "1"]

1. e4 c5 2. Nf3 Nc6 3. d4 cxd4 4. Nxd4 e5 5. Nf3 Nf6 6. Bd3 Bc5 7. 0-0 d6 8. h3 h6 9. Nc3 a6 10. Nd5 Be6 11. c4 0-0 12. Bd2 Kh7 13. Kh1 Rg8 14. Ng5+ hxg5 15. Bxg5 Rh8 16. Qf3 Nd4 17. Qg3 Bxd5 18. cxd5 Qd7 19. f4 Nh5 20. Qe1 Kg8 21. fxe5 dxe5 22. Rc1 Bd6 23. Qf2 f6 24. Be3 Rf8 25. Bc2 Nxc2 26. Rxc2 g5 0-1

[Event "Schleswig Holstein-ch Seniors op 11th"]
[Site "Buesum"]
[Date "2017.09.12"]
[Round "5"]
[White "Achenbach, Manfred"]
[Black "Bieberle, Gerhart"]
[Result "1/2-1/2"]
[WhiteElo "2083"]
[BlackElo "1927"]
[PlyCount "107"]
[EventDate "2017.09.08"]
[EventType "swiss"]
[EventRounds "9"]
[EventCountry "GER"]
[SourceTitle "EXT 2019"]
[Source "ChessBase"]
[SourceDate "2018.10.10"]
[SourceVersion "1"]
[SourceVersionDate "2018.10.10"]
[SourceQuality "1"]

1. Nf3 d5 2. c4 c6 3. g3 g6 4. Bg2 Bg7 5. cxd5 cxd5 6. d4 Nf6 7. Nc3 0-0 8. Bf4 Qb6 9. Qd2 Bd7 10. 0-0 Bc6 11. Ne5 e6 12. Rac1 Nfd7 13. Rfd1 Nxe5 14. dxe5 Nd7 15. Be3 Qd8 16. f4 Nb6 17. b3 Re8 18. Bd4 f5 19. Qe3 Bf8 20. a4 Nc8 21. Rc2 h6 22. Qd3 Qa5 23. Rdc1 Nb6 24. Na2 Nd7 25. g4 Ba3 26. Rb1 Be7 27. b4 Qxa4 28. b5 Bxb5 29. Rxb5 Rac8 30. Rbb2 Bc5 31. e3 b6 32. Bf1 Bxd4 33. exd4 a6 34. gxf5 exf5 35. Nc3 Qc4 36. Qe3 Qc7 37. Bg2 b5 38. Bxd5+ Kh7 39. Bb3 Nf6 40. Nxb5 Qa5 41. Rxc8 Rxc8 42. Rb1 Ng4 43. Qe2 axb5 44. h3 Qc3 45. hxg4 fxg4 46. Qe4 Qg3+ 47. Qg2 Qc3 48. Rd1 Qe3+ 49. Kh1 Rf8 50. Be6 h5 51. Bd5 Rxf4 52. Rf1 Qxd4 53. Rxf4 Qxf4 54. Qe4 1/2-1/2

[Event "GER-chB Seniors 29th"]
[Site "Berlin"]
[Date "2017.08.15"]
[Round "8"]
[White "Huhn, Ulrich"]
[Black "Bieberle, Gerhart"]
[Result "1-0"]
[WhiteElo "1874"]
[BlackElo "1943"]
[PlyCount "161"]
[EventDate "2017.08.07"]
[EventType "swiss"]
[EventRounds "9"]
[EventCountry "GER"]
[SourceTitle "EXT 2019"]
[Source "ChessBase"]
[SourceDate "2018.10.10"]
[SourceVersion "1"]
[SourceVersionDate "2018.10.10"]
[SourceQuality "1"]

1. d4 d5 2. Nc3 Bf5 3. Nf3 e6 4. Bf4 a6 5. a3 c5 6. e3 Nc6 7. Bd3 Bg4 8. Be2 Nf6 9. dxc5 Bxc5 10. b4 Bd6 11. Bg3 0-0 12. Bxd6 Qxd6 13. h3 Bf5 14. Bd3 Bxd3 15. cxd3 Nd7 16. 0-0 e5 17. e4 d4 18. Nd5 Ne7 19. Nxe7+ Qxe7 20. Qb3 Qd6 21. Rac1 Rac8 22. Rc2 Rxc2 23. Qxc2 Qc6 24. Qxc6 bxc6 25. Rc1 Rc8 26. Nd2 Kf8 27. Nb3 Ke7 28. Nc5 Nxc5 29. Rxc5 Kd6 30. Ra5 Ra8 31. Kf1 f6 32. Ke2 Kc7 33. g3 g5 34. f4 gxf4 35. gxf4 Kd6 36. Kf3 h5 37. fxe5+ fxe5 38. Ke2 h4 39. Kd2 Ra7 40. Kc2 Ra8 41. Kb3 Rg8 42. Rxa6 Rg3 43. Kc4 Rxh3 44. b5 Rh1 45. Rxc6+ Kd7 46. Kd5 Rd1 47. Rh6 Rxd3 48. Rh7+ Ke8 49. Kxe5 Rxa3 50. Kxd4 Ra4+ 51. Kd5 Rb4 52. e5 Kd8 53. Kd6 Rd4+ 54. Kc5 Re4 55. b6 Kc8 56. b7+ Kb8 57. Kd5 Re1 58. e6 Rd1+ 59. Ke5 h3 60. Rxh3 Kxb7 61. Rc3 Re1+ 62. Kd6 Rd1+ 63. Ke7 Kb8 64. Ke8 Kb7 65. e7 Rf1 66. Rc5 Kb6 67. Rc8 Kb7 68. Rc2 Kb6 69. Rc3 Kb7 70. Rc5 Kb6 71. Rc8 Kb7 72. Rc3 Kb6 73. Rc4 Kb5 74. Rc2 Kb6 75. Rc4 Kb7 76. Kd7 Rd1+ 77. Ke6 Re1+ 78. Kd6 Kb6 79. Rb4+ Ka7 80. Rb5 Ka6 81. Re5 1-0

[Event "GER-chB Seniors 29th"]
[Site "Berlin"]
[Date "2017.08.14"]
[Round "7"]
[White "Bieberle, Gerhart"]
[Black "Zotin, Vladimir"]
[Result "0-1"]
[WhiteElo "1943"]
[BlackElo "1886"]
[PlyCount "78"]
[EventDate "2017.08.07"]
[EventType "swiss"]
[EventRounds "9"]
[EventCountry "GER"]
[SourceTitle "EXT 2019"]
[Source "ChessBase"]
[SourceDate "2018.10.10"]
[SourceVersion "1"]
[SourceVersionDate "2018.10.10"]
[SourceQuality "1"]

1. d4 c5 2. c3 e6 3. Nf3 g6 4. g3 b6 5. Bg2 Bb7 6. 0-0 Bg7 7. Re1 Nf6 8. Bg5 Qc7 9. Bxf6 Bxf6 10. Nbd2 0-0 11. e4 d6 12. Qb3 Nd7 13. d5 exd5 14. exd5 a6 15. a4 b5 16. axb5 axb5 17. Qxb5 Bxd5 18. Qd3 Bc6 19. Ne4 Be7 20. Ned2 Rxa1 21. Rxa1 Rb8 22. b3 Bf6 23. Rb1 d5 24. c4 d4 25. Ne4 Bg7 26. Ned2 Qb7 27. Ne1 Bxg2 28. Nxg2 f5 29. Nf4 Ne5 30. Qe2 Qb4 31. Nd5 Qxd2 32. Kf1 Qxe2+ 33. Kxe2 Nxc4 34. Rc1 Re8+ 35. Kd1 Nb2+ 36. Kd2 d3 37. Ne3 Bd4 38. Rb1 g5 39. Nxf5 Re2+ 0-1

[Event "GER-chB Seniors 29th"]
[Site "Berlin"]
[Date "2017.08.11"]
[Round "5"]
[White "Bieberle, Gerhart"]
[Black "Kuenitz, Bernhard"]
[Result "1/2-1/2"]
[WhiteElo "1943"]
[BlackElo "1864"]
[PlyCount "32"]
[EventDate "2017.08.07"]
[EventType "swiss"]
[EventRounds "9"]
[EventCountry "GER"]
[SourceTitle "EXT 2019"]
[Source "ChessBase"]
[SourceDate "2018.10.10"]
[SourceVersion "1"]
[SourceVersionDate "2018.10.10"]
[SourceQuality "1"]

1. d4 e6 2. c4 d5 3. cxd5 exd5 4. Nf3 Nf6 5. Nc3 h6 6. g3 c6 7. Bg2 Bd6 8. 0-0 0-0 9. Re1 Re8 10. a3 Bf5 11. Bd2 Nbd7 12. e3 Ne4 13. Nh4 Bh7 14. Nxe4 dxe4 15. Bf1 g5 16. Ng2 Bg6 1/2-1/2

[Event "Mittelrhein Verbandsliga-W 16/17"]
[Site "Nordrheinwestfalen"]
[Date "2017.01.29"]
[Round "7.7"]
[White "Esper, Tim"]
[Black "Bieberle, Gerhart"]
[Result "1/2-1/2"]
[WhiteElo "1512"]
[BlackElo "1911"]
[PlyCount "43"]
[EventDate "2016.09.11"]
[EventType "team-tourn"]
[EventRounds "11"]
[EventCountry "GER"]
[SourceTitle "EXT 2022"]
[Source "ChessBase"]
[SourceDate "2021.10.06"]
[SourceVersion "1"]
[SourceVersionDate "2021.10.06"]
[SourceQuality "1"]
[WhiteTeam "Bergheim"]
[BlackTeam "Aachen PTSV"]
[WhiteTeamCountry "GER"]
[BlackTeamCountry "GER"]

1. Nf3 d5 2. d4 Bf5 3. Bf4 e6 4. e3 Bd6 5. Bxd6 Qxd6 6. c3 Ne7 7. Nbd2 Nd7 8. Nh4 Bg6 9. Nxg6 Nxg6 10. Nf3 0-0 11. Be2 f6 12. 0-0 c6 13. c4 a6 14. Qb3 b5 15. cxd5 cxd5 16. Rac1 Nb6 17. Qd1 Rfc8 18. Qd2 Nc4 19. Bxc4 bxc4 20. b3 cxb3 21. axb3 Qb6 22. Qa2 1/2-1/2

[Event "GER-chA Seniors 28th"]
[Site "Niederhausen"]
[Date "2016.08.19"]
[Round "7"]
[White "Mann, Klaus Dieter"]
[Black "Bieberle, Gerhart"]
[Result "1-0"]
[WhiteElo "2096"]
[BlackElo "1971"]
[PlyCount "95"]
[EventDate "2016.08.13"]
[EventType "swiss"]
[EventRounds "9"]
[EventCountry "GER"]
[SourceTitle "EXT 2019"]
[Source "ChessBase"]
[SourceDate "2018.10.10"]
[SourceVersion "1"]
[SourceVersionDate "2018.10.10"]
[SourceQuality "1"]

1. c4 c5 2. Nc3 g6 3. Nf3 Bg7 4. g3 Nc6 5. Bg2 d6 6. 0-0 Nf6 7. d3 0-0 8. Rb1 Bd7 9. a3 Rb8 10. b4 b6 11. Bd2 Nd4 12. b5 e5 13. Ne1 Nf5 14. Nc2 Be6 15. e4 Nd4 16. Ne3 Qd7 17. a4 Bh3 18. f3 Bxg2 19. Kxg2 h6 20. Ne2 Kh7 21. Nc2 Ng8 22. Nc3 f5 23. Nxd4 cxd4 24. Nd5 Nf6 25. Nxf6+ Rxf6 26. Qe2 Rbf8 27. g4 fxe4 28. fxe4 Qe6 29. Rxf6 Rxf6 30. a5 Rf7 31. Rf1 Rxf1 32. Kxf1 Qf6+ 33. Qf2 Qxf2+ 34. Kxf2 Kg8 35. axb6 axb6 36. Ba5 Kf7 37. Bxb6 Ke7 38. c5 dxc5 39. Bxc5+ Kd7 40. Ke2 Bf6 41. Kd2 Bd8 42. Kc2 Bc7 43. Kb3 Bb8 44. Kc4 Bc7 45. Kd5 h5 46. gxh5 gxh5 47. b6 Bb8 48. h4 1-0

[Event "GER-chA Seniors 28th"]
[Site "Niederhausen"]
[Date "2016.08.14"]
[Round "2"]
[White "Jolowicz, Matias"]
[Black "Bieberle, Gerhart"]
[Result "1-0"]
[WhiteElo "2131"]
[BlackElo "1971"]
[PlyCount "99"]
[EventDate "2016.08.13"]
[EventType "swiss"]
[EventRounds "9"]
[EventCountry "GER"]
[SourceTitle "EXT 2019"]
[Source "ChessBase"]
[SourceDate "2018.10.10"]
[SourceVersion "1"]
[SourceVersionDate "2018.10.10"]
[SourceQuality "1"]

1. c4 e5 2. g3 f5 3. d4 e4 4. Nc3 Bb4 5. Nh3 Nf6 6. Bg5 0-0 7. Nf4 Qe8 8. Bxf6 gxf6 9. Qb3 Bxc3+ 10. Qxc3 c6 11. e3 d6 12. Bh3 Na6 13. 0-0 Rb8 14. f3 Qf7 15. Rf2 Nc7 16. Raf1 b6 17. Rc1 a5 18. Bg2 d5 19. cxd5 Nxd5 20. Nxd5 cxd5 21. Qc7 Be6 22. Qxf7+ Kxf7 23. Rc7+ Kg6 24. Rc6 Kf7 25. Bh3 Rfc8 26. Rfc2 Rxc6 27. Rxc6 Rb7 28. Bf1 Rb8 29. Rc7+ Kg6 30. Re7 Bg8 31. Ba6 b5 32. Rc7 Rb6 33. Bc8 Bf7 34. Kf2 Be8 35. Bb7 a4 36. Bxd5 exf3 37. Kxf3 Rd6 38. Bg8 Rd7 39. Rxd7 Bxd7 40. Kf4 Kg7 41. Bd5 Kf8 42. Bg2 Ke7 43. Bh3 Be6 44. a3 h6 45. Bxf5 Bc4 46. e4 Bb3 47. e5 Bd5 48. Be4 Bc4 49. d5 Kf7 50. Kf5 1-0

[Event "Hessen-ch Seniors op 12th"]
[Site "Bad Sooden-Allendorf"]
[Date "2016.05.03"]
[Round "4"]
[White "Budeck, Alfred"]
[Black "Bieberle, Gerhart"]
[Result "1/2-1/2"]
[WhiteElo "1802"]
[BlackElo "1966"]
[PlyCount "129"]
[EventDate "2016.04.30"]
[EventType "swiss"]
[EventRounds "9"]
[EventCountry "GER"]
[SourceTitle "EXT 2019"]
[Source "ChessBase"]
[SourceDate "2018.10.10"]
[SourceVersion "1"]
[SourceVersionDate "2018.10.10"]
[SourceQuality "1"]

1. Nc3 c5 2. Nf3 g6 3. d4 cxd4 4. Qxd4 Nf6 5. Bg5 Bg7 6. Ne4 0-0 7. Nxf6+ exf6 8. Bd2 f5 9. Qb4 Nc6 10. Qb3 a5 11. a4 Re8 12. e3 f4 13. Bc4 Qe7 14. 0-0 fxe3 15. Bxe3 d6 16. Bg5 Qc7 17. Rae1 Bg4 18. Rxe8+ Rxe8 19. Re1 Rxe1+ 20. Nxe1 Nd4 21. Qa2 Ne2+ 22. Bxe2 Bxe2 23. c3 Bc4 24. Qb1 Bb3 25. Qe4 Qd7 26. Bf4 d5 27. Qd3 Qxa4 28. Qe3 Qe4 29. Qd2 a4 30. f3 Qe6 31. Nd3 Bf8 32. Be3 Bc4 33. Nc5 Bxc5 34. Bxc5 Qe2 35. Qxe2 Bxe2 36. Kf2 Bc4 37. Ke3 f6 38. Bd6 Kf7 39. Kd4 Ke6 40. Bg3 Bf1 41. Kc5 Bxg2 42. f4 Bf1 43. Kb6 Ba6 44. Ka5 a3 45. bxa3 Kf5 46. Kb4 h6 47. Kc5 Ke4 48. a4 g5 49. fxg5 hxg5 50. Bf2 g4 51. Kd6 f5 52. Ke6 f4 53. Kf6 Kf3 54. Bd4 Kg2 55. Kf5 Kf3 56. Be5 g3 57. hxg3 fxg3 58. Bd4 g2 59. Ke5 Bc4 60. Kd6 Ke2 61. a5 Kf1 62. Kc7 g1Q 63. Bxg1 Kxg1 64. Kxb7 Kf2 65. Kc6 1/2-1/2

[Event "GER-chB Seniors 27th"]
[Site "Magdeburg"]
[Date "2015.08.21"]
[Round "7"]
[White "Bieberle, Gerhart"]
[Black "Jung, Michael"]
[Result "1-0"]
[WhiteElo "1931"]
[BlackElo "1828"]
[PlyCount "101"]
[EventDate "2015.08.15"]
[EventType "swiss"]
[EventRounds "9"]
[EventCountry "GER"]
[SourceTitle "EXT 2018"]
[Source "ChessBase"]
[SourceDate "2017.10.13"]
[SourceVersion "1"]
[SourceVersionDate "2017.10.13"]
[SourceQuality "1"]

1. d4 d5 2. g3 Nf6 3. Bg2 c6 4. Nd2 Bf5 5. Ngf3 h6 6. b3 e6 7. Bb2 Nbd7 8. c4 Be7 9. 0-0 0-0 10. h3 Re8 11. g4 Be4 12. Nxe4 Nxe4 13. Nd2 Nxd2 14. Qxd2 Rc8 15. e4 dxe4 16. Bxe4 Bf6 17. Rad1 Qe7 18. Rfe1 Rc7 19. Bb1 Nf8 20. Be4 Rd7 21. d5 Bxb2 22. Qxb2 cxd5 23. cxd5 Red8 24. Bf3 Qh4 25. dxe6 Rxd1 26. exf7+ Kxf7 27. Bxd1 Qxh3 28. Qe2 Kg8 29. Qe4 Qd3 30. Qxb7 Qd4 31. Bf3 Ng6 32. Rd1 Qf6 33. Rxd8+ Qxd8 34. Qxa7 Ne5 35. Qe3 Qf6 36. Be2 Ng6 37. Qe8+ Nf8 38. Bc4+ Kh7 39. Qf7 Qd6 40. Qd5 Qf4 41. Qg8+ Kg6 42. Bd3+ Kg5 43. Qxg7+ Kh4 44. Qe7+ Kxg4 45. Be2+ Kh3 46. Qe3+ Qxe3 47. fxe3 Kg3 48. a4 Ne6 49. b4 Ng5 50. a5 Nh3+ 51. Kf1 1-0

[Event "GER-chB Seniors 26th"]
[Site "Bad Neuenahr"]
[Date "2014.08.12"]
[Round "8"]
[White "Gebuhr, Guenter"]
[Black "Bieberle, Gerhart"]
[Result "0-1"]
[WhiteElo "1976"]
[BlackElo "1917"]
[PlyCount "130"]
[EventDate "2014.08.05"]
[EventType "swiss"]
[EventRounds "9"]
[EventCountry "GER"]
[SourceTitle "EXT 2018"]
[Source "ChessBase"]
[SourceDate "2017.10.13"]
[SourceVersion "1"]
[SourceVersionDate "2017.10.13"]
[SourceQuality "1"]

1. e4 c5 2. Nf3 d6 3. d4 Nd7 4. Nc3 a6 5. a4 b6 6. Bd3 g6 7. 0-0 Bg7 8. Be3 Bb7 9. Qd2 cxd4 10. Bxd4 Bxd4 11. Nxd4 Nc5 12. f4 Qd7 13. b4 Nxd3 14. cxd3 Nf6 15. f5 Ng4 16. Qf4 Ne5 17. fxg6 hxg6 18. Nd5 Bxd5 19. exd5 Qg4 20. Qxg4 Nxg4 21. Nc6 Ne3 22. Rfe1 Nxd5 23. b5 Kd7 24. Rac1 axb5 25. axb5 Ra3 26. Re4 Rha8 27. d4 Ra1 28. Nb8+ Ke8 29. Rxa1 Rxa1+ 30. Kf2 Rb1 31. Rh4 f5 32. Rh6 Kf7 33. Kg3 Kg7 34. Rh4 Rb3+ 35. Kf2 Rxb5 36. g4 f4 37. Nc6 Rb3 38. g5 b5 39. Nd8 e5 40. dxe5 dxe5 41. Ne6+ Kf7 42. Nc5 Ra3 43. Rh7+ Ke8 44. Ne4 b4 45. Rb7 b3 46. Rb5 Ra2+ 47. Kf3 b2 48. Nd2 Nc3 49. Rxe5+ Kf7 50. Kxf4 Ra4+ 51. Ke3 b1Q 52. Nxb1 Nxb1 53. Rb5 Nc3 54. Rc5 Nd1+ 55. Ke2 Nb2 56. Rc2 Nc4 57. Kf2 Ne5 58. h3 Ra3 59. Re2 Ke6 60. Kg2 Kf5 61. h4 Nd3 62. Rc2 Nf4+ 63. Kg1 Kg4 64. Rc4 Rh3 65. h5 Rxh5 0-1

[Event "GER-chB Seniors 26th"]
[Site "Bad Neuenahr"]
[Date "2014.08.11"]
[Round "7"]
[White "Bieberle, Gerhart"]
[Black "Glienke, Norbert"]
[Result "1-0"]
[WhiteElo "1917"]
[BlackElo "1834"]
[PlyCount "63"]
[EventDate "2014.08.05"]
[EventType "swiss"]
[EventRounds "9"]
[EventCountry "GER"]
[SourceTitle "EXT 2018"]
[Source "ChessBase"]
[SourceDate "2017.10.13"]
[SourceVersion "1"]
[SourceVersionDate "2017.10.13"]
[SourceQuality "1"]

1. d4 g6 2. g3 Bg7 3. Bg2 c6 4. e4 d6 5. c4 Nd7 6. Ne2 Ngf6 7. 0-0 0-0 8. a4 a5 9. Nbc3 Rb8 10. Bd2 b6 11. Qc1 Ba6 12. b3 Qc7 13. Bh6 e5 14. d5 cxd5 15. Bxg7 Kxg7 16. Nxd5 Nxd5 17. exd5 Nf6 18. Nc3 Qc5 19. Qb2 Kg8 20. h3 Qb4 21. Rab1 Nd7 22. Ne4 f5 23. Ng5 Bc8 24. f4 Qc5+ 25. Kh2 exf4 26. gxf4 Nf6 27. Rbe1 h6 28. Ne6 Bxe6 29. Rxe6 Kg7 30. Rfe1 Rf7 31. Rxf6 Rxf6 32. Re7+ 1-0

[Event "Dortmund Sparkassen op-B"]
[Site "Dortmund"]
[Date "2013.08.02"]
[Round "7"]
[White "Bieberle, Gerhart"]
[Black "Haberkamp, Carl"]
[Result "1/2-1/2"]
[WhiteElo "1924"]
[BlackElo "1712"]
[PlyCount "103"]
[EventDate "2013.07.27"]
[EventType "swiss"]
[EventRounds "9"]
[EventCountry "GER"]
[SourceTitle "EXT 2022"]
[Source "ChessBase"]
[SourceDate "2021.10.06"]
[SourceVersion "1"]
[SourceVersionDate "2021.10.06"]
[SourceQuality "1"]

1. Nf3 Nf6 2. d4 e6 3. c4 b6 4. Nc3 Bb7 5. e3 Be7 6. Bd3 d5 7. 0-0 0-0 8. a3 a5 9. Ne5 Nbd7 10. f4 c5 11. b3 Ne4 12. Bb2 cxd4 13. exd4 Ndf6 14. Re1 Nxc3 15. Bxc3 Rc8 16. Ra2 Ba6 17. Re3 dxc4 18. bxc4 h6 19. g4 Nd7 20. c5 Bxd3 21. Nxd7 Qxd7 22. Rxd3 bxc5 23. Bxa5 cxd4 24. Rb2 Bf6 25. Re2 Rc4 26. Bd2 Ra8 27. Qf1 Qd5 28. g5 hxg5 29. Rg2 gxf4 30. Qxf4 Qf5 31. Qxf5 exf5 32. Rf3 Rc5 33. Bb4 Rd5 34. Rd3 Ra7 35. Rc2 g5 36. Kf2 Kg7 37. Rc6 Be7 38. Bxe7 Rxe7 39. Rc4 Red7 40. a4 Kf6 41. Ke2 Ke5 42. Kd2 f4 43. Ra3 Ra7 44. Kd3 g4 45. Ra1 f3 46. Re1+ Kf5 47. Rb4 Rda5 48. Ra1 Re5 49. Rxd4 Re2 50. Rb1 Rxh2 51. Rb5+ Ke6 52. Re4+ 1/2-1/2

[Event "Dortmund Sparkassen op-B"]
[Site "Dortmund"]
[Date "2013.07.30"]
[Round "4"]
[White "Brock, Udo"]
[Black "Bieberle, Gerhart"]
[Result "1/2-1/2"]
[WhiteElo "1747"]
[BlackElo "1924"]
[PlyCount "100"]
[EventDate "2013.07.27"]
[EventType "swiss"]
[EventRounds "9"]
[EventCountry "GER"]
[SourceTitle "EXT 2022"]
[Source "ChessBase"]
[SourceDate "2021.10.06"]
[SourceVersion "1"]
[SourceVersionDate "2021.10.06"]
[SourceQuality "1"]

1. d4 e6 2. Nf3 c5 3. e3 cxd4 4. exd4 Qb6 5. Bd3 Nc6 6. c3 Bd6 7. Nbd2 Qc7 8. 0-0 Nge7 9. Nc4 a6 10. Qc2 Ng6 11. Nxd6+ Qxd6 12. g3 b5 13. Ng5 Nce7 14. Ne4 Qc6 15. Nc5 f5 16. Nb3 Bb7 17. f3 a5 18. Nc5 Bc8 19. Qe2 b4 20. Bb5 Qd6 21. Qxe6 Qxe6 22. Nxe6 Kf7 23. Ng5+ Kf6 24. f4 h6 25. Nf3 d6 26. Bc4 Rd8 27. Bd2 Rb8 28. cxb4 axb4 29. Ne1 d5 30. Bb3 Nc6 31. Be3 Na5 32. Nd3 Nxb3 33. axb3 Rd6 34. Rfe1 Ba6 35. Nc5 Bb5 36. Bd2 Be8 37. Na6 Ra8 38. Nxb4 Rb8 39. Ra6 Rxa6 40. Nxa6 Rc8 41. Nc5 Ne7 42. Bc3 Rb8 43. b4 Bb5 44. Ra1 Kf7 45. Ra7 g6 46. Rb7 Rxb7 47. Nxb7 Ke6 48. Kf2 h5 49. Ke3 Nc8 50. Nc5+ Kd6 1/2-1/2

[Event "Dortmund Sparkassen op-B"]
[Site "Dortmund"]
[Date "2013.07.29"]
[Round "3"]
[White "Bieberle, Gerhart"]
[Black "Fistoul, Boris"]
[Result "0-1"]
[WhiteElo "1924"]
[BlackElo "1694"]
[PlyCount "114"]
[EventDate "2013.07.27"]
[EventType "swiss"]
[EventRounds "9"]
[EventCountry "GER"]
[SourceTitle "EXT 2022"]
[Source "ChessBase"]
[SourceDate "2021.10.06"]
[SourceVersion "1"]
[SourceVersionDate "2021.10.06"]
[SourceQuality "1"]

1. Nf3 e6 2. d4 f5 3. c4 Nf6 4. Nc3 Be7 5. e3 0-0 6. Bd3 b6 7. 0-0 Bb7 8. a3 Ne4 9. Qc2 Nxc3 10. bxc3 Bxf3 11. gxf3 Qe8 12. Kh1 Bd6 13. f4 Qh5 14. Be2 Qh4 15. Bf3 c6 16. Rg1 Rf6 17. Rg2 Rh6 18. Bd2 Kh8 19. a4 Bc7 20. Rag1 Na6 21. Bc1 g5 22. Qd2 g4 23. Bd1 Rg8 24. Bb2 Bb8 25. Bc2 Rg5 26. Bd1 Rgh5 27. Re1 Nc7 28. Kg1 Ne8 29. Bc2 Qf6 30. d5 c5 31. e4 fxe4 32. Rxe4 Nd6 33. dxe6 Nxe4 34. Bxe4 dxe6 35. Bc1 Qe7 36. Qe2 Rh4 37. Be3 Qd6 38. Bc2 Rf6 39. Rxg4 Rxg4+ 40. Qxg4 Qf8 41. Qh5 Qf7 42. Qe2 Bxf4 43. Bxf4 Rxf4 44. Be4 Qg7+ 45. Kf1 Qxc3 46. f3 Qd4 47. Kg2 Rf7 48. Kh3 Rg7 49. f4 Qf6 50. Qf2 Qc3+ 51. Bf3 Qxc4 52. Bg4 Qd3+ 53. Kh4 Qg6 54. Qe2 Qxg4+ 55. Qxg4 Rxg4+ 56. Kxg4 c4 57. Kf3 h6 0-1